An introduction to nature: birds, wild flowers, trees

Kaydedildi:
Detaylı Bibliyografya
Yazar: Kieran, John (Yazar)
Materyal Türü: Kitap
Dil:İngilizce
Baskı/Yayın Bilgisi: Nueva York Hanover House 1955
Edisyon:6a. ed
Konular:
Etiketler: Etiketle
Etiket eklenmemiş, İlk siz ekleyin!

MARC

LEADER 00000nam a2200000 a 4500
001 UCT1886
003 CL-VaPUC
008 961004e19550000US |||||||||||||||||eng|d
082 0 4 |a 560  |b KIE  |2 21 
100 0 |a Kieran, John  |e author  |9 370903 
245 1 3 |a An introduction to nature: birds, wild flowers, trees 
250 |a 6a. ed 
300 |a 223 p 
942 |c BK 
945 |d 19961004 00:00:00  |a cmena 
260 |a Nueva York  |b Hanover House  |c 1955 
650 7 |a PALEOBOTANICA  |2 CL-VaPUC  |9 344348 
650 0 |a Aves  |9 262192 
650 0 |a Organismos vivos  |9 264556 
650 0 |a Zoología  |9 261613 
650 0 |a Animales   |9 269820 
650 0 |a Vertebrados  |9 320144 
650 0 |a Plantas  |9 264555 
650 0 |a Botánica  |9 264202 
583 |a last modification  |c 19961004 00:00:00  |k Rodrigo Vera 
999 |c 252238  |d 252236 
952 |0 0  |1 0  |4 0  |6 560_000000000000000_KIE_1955  |7 0  |8 A  |9 271982  |a BIBCUR  |b BIBCUR  |d 2019-11-19  |i 1755536  |o 560 KIE 1955  |p 1755536  |r 2025-04-22  |w 2019-11-19  |y BK  |k BCB